| 000 | 00751nam a22002057a 4500 | ||
|---|---|---|---|
| 999 |
_c20293 _d20293 |
||
| 003 | AR-CdUCM | ||
| 008 | 190225b ||||| |||| 00| 0 spa d | ||
| 040 |
_aMUNICIPALIDAD PROVINCIAL DEL CUSCO _cBIBLIOTECA MUNICIPAL DEL CUSCO |
||
| 082 |
_22ed _a614.8 / _bH13 |
||
| 100 |
_aHaddad Carvallo, David _93194 |
||
| 245 | _aPrevencion y Seguridad / | ||
| 260 |
_aLima : _bSeguridad, _c1978. |
||
| 300 |
_a458 paginas : _c21 cm. _bIlustraciones, |
||
| 505 | _aContenido: Prevención y seguridad en el hogar -- Prevención y seguridad publica -- Prevención y seguridad vial... | ||
| 650 |
_aPrevención Laboral. _93196 |
||
| 650 |
_aSeguridad Civil. _93197 |
||
| 650 |
_aPrevención y Seguridad _942412 |
||
| 942 |
_2ddc _cLIBROS |
||
| 945 |
_adavv _d2019-05-28 |
||